000 00787naa a22002057a 4500
001 232592
003 ES-MaBCM
005 20260306132826.0
008 260304s2024 sp ||||| |||| 00| 0 spa d
040 _cES-MaBCM
100 1 _aZegarra Valdivia, Diego
_950144
245 1 3 _aEl régimen sancionatorio administrativo y penal para la protección del medio ambiente en el Perú
_cDiego Zegarra Valdivia, Ramón Huapaya Tapia
504 _aBibliografía: p. 386-[392]
650 7 _aSanción administrativa
_960171
650 7 _aProtección del medio ambiente
_959954
651 4 _aPerú
_9115648
700 1 _aHuapaya Tapia, Ramón
_9131266
773 _dLas Rozas, Madrid
_g(2024) . p. [303-391]- Loc. AN.427
_tAnuario de derecho administrativo sancionador
_w222108
942 _2udc
_cAREV
999 _c232592
_d232592